[Event "Reykjavik Open 2024"]
[Site "Reykjavik ISL"]
[Date "2024.03.15"]
[Round "1.28"]
[White "Larkin, Vladyslav"]
[Black "Wehding, Anton Bonsvig"]
[Result "1-0"]
[WhiteTitle "IM"]
[WhiteElo "2450"]
[BlackElo "2056"]
[WhiteFideId "14152894"]
[BlackFideId "1463217"]
[EventDate "2024.03.15"]

1. e4 c5 2. Nf3 Nc6 3. Bb5 e6 4. c3 d5 5. exd5 exd5 6. O-O Bd6 7. d4 Ne7 8. dxc5
Bxc5 9. Nbd2 O-O 10. Nb3 Bd6 11. Nfd4 a6 12. Be2 Nxd4 13. Nxd4 Nc6 14. g3 Qb6
15. Nb3 Bh3 16. Re1 Rad8 17. Bg4 Bxg4 18. Qxg4 Be5 19. Bg5 f6 20. Be3 Qc7 21.
Qe6+ Kh8 22. Rad1 Rfe8 23. Qg4 Qf7 24. Bb6 f5 25. Qf3 Rd6 26. Re2 Bf6 27. Rxe8+
Qxe8 28. Bc5 Ne5 29. Qxf5 g6 30. Qf4 Bg5 31. Qb4 Nf3+ 32. Kg2 Rf6 33. Bd4 Nxd4
34. Qxd4 Qe2 35. h4 Qf3+ 36. Kg1 Bh6 37. Rd3 Qf5 38. g4 Qf4 39. g5 1-0

[Event "Reykjavik Open 2024"]
[Site "Reykjavik ISL"]
[Date "2024.03.15"]
[Round "1.29"]
[White "Bottema, Martin"]
[Black "Wadsworth, Matthew J"]
[Result "0-1"]
[BlackTitle "IM"]
[WhiteElo "2053"]
[BlackElo "2450"]
[WhiteFideId "1011006"]
[BlackFideId "415804"]
[EventDate "2024.03.15"]

1. c4 e6 2. Nf3 Nf6 3. g3 d5 4. Bg2 Be7 5. O-O O-O 6. d4 c6 7. b3 a5 8. Nc3 b6
9. Bb2 Ba6 10. Nd2 b5 11. cxd5 cxd5 12. Rc1 Nbd7 13. Re1 Nb6 14. e4 b4 15. Na4
Nxa4 16. bxa4 Re8 17. exd5 exd5 18. Bh3 Bf8 19. Qc2 Rxe1+ 20. Rxe1 Bc8 21. Bxc8
Rxc8 22. Qb3 Qd7 23. Kg2 h5 24. Nf3 Qf5 25. Nh4 Qc2 26. Rc1 Qe4+ 27. Nf3 Rxc1
28. Bxc1 Nd7 29. Bf4 Nb6 30. h4 Nc4 31. Kf1 f6 32. Bc7 g6 33. Bf4 Kf7 34. Kg1
Be7 35. Kh2 Bd8 36. Kg2 g5 37. hxg5 fxg5 38. Bxg5 Bxg5 39. Kh2 Bf6 40. Qd1 Kg7 0-1

[Event "Reykjavik Open 2024"]
[Site "Reykjavik ISL"]
[Date "2024.03.15"]
[Round "1.30"]
[White "Mammadzada, Gunay"]
[Black "Skarphedinsson, Ingvar Wu"]
[Result "1-0"]
[WhiteTitle "IM"]
[WhiteElo "2449"]
[BlackElo "2049"]
[WhiteFideId "13403729"]
[BlackFideId "2316943"]
[EventDate "2024.03.15"]

1. Nf3 d5 2. d4 Nf6 3. c4 e6 4. g3 Be7 5. Bg2 O-O 6. O-O dxc4 7. Qc2 a6 8. a4
Bd7 9. Qxc4 Bc6 10. Bg5 Bd5 11. Qc2 Be4 12. Qc1 h6 13. Bxf6 Bxf6 14. Nbd2 Bxf3
15. Nxf3 a5 16. e3 c6 17. Rd1 Na6 18. Qc2 Nb4 19. Qc4 Qe7 20. Rd2 Rfd8 21. Rad1
Qf8 22. h4 Rac8 23. Nh2 h5 24. Be4 Qe7 25. Nf3 Rc7 26. b3 Rcd7 27. Kg2 g6 28.
Bb1 Na6 29. Ne1 c5 30. d5 exd5 31. Rxd5 Rxd5 32. Rxd5 Rxd5 33. Qxd5 Nb4 34. Qc4
Kg7 35. Nf3 Qd6 36. g4 Qd5 37. g5 Bb2 38. Qxd5 Nxd5 39. Be4 Nb6 40. Nd2 Bc1 41.
Nc4 Nxc4 42. bxc4 b6 43. Bd3 Bd2 44. Kg3 Be1 45. Kf3 Kf8 46. Ke2 Bc3 47. f4 Kg7
48. Kf2 Bd2 49. Ke2 Bc3 50. e4 Bd4 51. Bc2 Bc3 52. e5 Bb4 53. f5 gxf5 54. Bxf5
Bc3 55. e6 f6 56. g6 Kf8 57. Ke3 Be5 58. Ke4 1-0

[Event "Reykjavik Open 2024"]
[Site "Reykjavik ISL"]
[Date "2024.03.15"]
[Round "1.31"]
[White "Paasikangas, Johanna"]
[Black "Chasin, Nico"]
[Result "0-1"]
[WhiteTitle "FM"]
[BlackTitle "IM"]
[WhiteElo "2046"]
[BlackElo "2447"]
[WhiteFideId "500879"]
[BlackFideId "30908477"]
[EventDate "2024.03.15"]

1. d4 e6 2. Nf3 Nf6 3. Bg5 h6 4. Bh4 c5 5. Nc3 cxd4 6. Nxd4 a6 7. a3 b5 8. e4 d6
9. Bd3 Bb7 10. O-O Nbd7 11. f4 Be7 12. Bf2 Qc7 13. Qe2 g6 14. Nb3 Nc5 15. Rfe1
Nfd7 16. Bd4 Bf6 17. Bxf6 Nxf6 18. e5 Nxb3 19. cxb3 Nd5 20. Nxd5 Bxd5 21. b4 O-O
22. Qg4 dxe5 23. Rxe5 Rad8 24. Rae1 Qa7+ 25. Kh1 Bxg2+ 26. Qxg2 Rxd3 27. Rxe6
Kh8 28. R6e2 Qd7 29. Qe4 Rd5 30. Qe7 Qxe7 31. Rxe7 Rf5 32. R7e4 Rc8 33. R1e2 Kg7
34. Kg2 Rd5 35. Kf3 Kf6 36. Re5 Rxe5 37. Rxe5 Rc2 38. Rc5 Rxb2 39. Rc6+ Kf5 40.
Rc5+ Ke6 41. Rc6+ Kd5 42. Rxa6 Rxh2 43. Ra7 Ra2 44. Kg4 f5+ 45. Kf3 g5 46. fxg5
hxg5 47. Rd7+ Kc4 48. Rc7+ Kb3 49. Rc5 Rxa3 50. Rxf5 Kxb4+ 51. Kf2 Rd3 52. Rxg5
Ka4 53. Ke2 Rd8 54. Rg4+ b4 55. Rg7 Ka3 56. Ra7+ Kb2 57. Rb7 b3 58. Rb6 Ka2 59.
Rb7 b2 60. Ra7+ Kb1 61. Ke1 Rd4 62. Ke2 Kc2 63. Rc7+ Kb3 0-1

[Event "Reykjavik Open 2024"]
[Site "Reykjavik ISL"]
[Date "2024.03.15"]
[Round "1.32"]
[White "Nevednichy, Vladislav"]
[Black "Brackmann, Hendrik"]
[Result "1-0"]
[WhiteTitle "GM"]
[WhiteElo "2445"]
[BlackElo "2037"]
[WhiteFideId "1205730"]
[BlackFideId "12905135"]
[EventDate "2024.03.15"]

1. e4 e6 2. d4 d5 3. Nc3 Nf6 4. Bg5 dxe4 5. Nxe4 Be7 6. Bxf6 gxf6 7. Nf3 f5 8.
Nc3 a6 9. g3 b5 10. Bg2 Bb7 11. O-O Nd7 12. d5 Nb6 13. dxe6 fxe6 14. Nd4 1-0

[Event "Reykjavik Open 2024"]
[Site "Reykjavik ISL"]
[Date "2024.03.15"]
[Round "1.33"]
[White "Heidarsson, Arnar Milutin"]
[Black "Injac, Teodora"]
[Result "0-1"]
[BlackTitle "IM"]
[WhiteElo "2037"]
[BlackElo "2434"]
[WhiteFideId "2312875"]
[BlackFideId "932400"]
[EventDate "2024.03.15"]

1. d4 Nf6 2. c4 e6 3. Nc3 Bb4 4. Bd2 O-O 5. Nf3 b6 6. g3 Ba6 7. Qb3 c5 8. a3 Ba5
9. dxc5 bxc5 10. Bg2 Nc6 11. Na4 Ne4 12. Qc2 Nxd2 13. Nxd2 d5 14. Nxc5 Nd4 15.
Qc1 dxc4 16. Kf1 c3 17. Nxa6 cxd2 18. Qd1 Rc8 19. b4 Nb3 0-1

[Event "Reykjavik Open 2024"]
[Site "Reykjavik ISL"]
[Date "2024.03.15"]
[Round "1.34"]
[White "Bulmaga, Irina"]
[Black "Weigand, Anton"]
[Result "1/2-1/2"]
[WhiteTitle "IM"]
[WhiteElo "2429"]
[BlackElo "2036"]
[WhiteFideId "13903063"]
[BlackFideId "16221915"]
[EventDate "2024.03.15"]

1. e4 c5 2. Nf3 e6 3. d4 cxd4 4. Nxd4 Nf6 5. Bd3 Nc6 6. Nxc6 bxc6 7. Bf4 d5 8.
Nd2 Be7 9. O-O O-O 10. e5 Nd7 11. Re1 c5 12. c3 f5 13. exf6 Nxf6 14. c4 Ne4 15.
Bxe4 Rxf4 16. cxd5 exd5 17. Bxd5+ Qxd5 18. Rxe7 Bh3 19. Ne4 Qc6 20. f3 Be6 21.
Qd2 Rf7 22. Rxf7 Bxf7 23. Rd1 h6 24. Qc3 Qa4 25. Rd2 Qxa2 26. Qxc5 Rb8 27. b4
Qa3 28. Rd7 a5 29. Rxf7 Qa1+ 30. Kf2 Qa2+ 31. Kg3 Qxf7 32. bxa5 Qg6+ 33. Kh3
Qe6+ 34. g4 Rb3 35. Kg2 Qf7 36. Nc3 Rb2+ 37. Kg3 g5 38. Nd5 Qe6 39. Ne3 Rd2 40.
Qc4 Qxc4 41. Nxc4 Ra2 42. h4 Ra4 43. Nd6 Rxa5 1/2-1/2

[Event "Reykjavik Open 2024"]
[Site "Reykjavik ISL"]
[Date "2024.03.15"]
[Round "1.35"]
[White "Krassel, Timofei"]
[Black "Haldorsen, Benjamin"]
[Result "0-1"]
[BlackTitle "IM"]
[WhiteElo "2035"]
[BlackElo "2426"]
[WhiteFideId "55733948"]
[BlackFideId "1512633"]
[EventDate "2024.03.15"]

1. d4 Nf6 2. Nf3 d5 3. c4 e6 4. g3 Be7 5. Bg2 O-O 6. O-O a5 7. Nc3 c6 8. Nd2 b6
9. Re1 Ba6 10. cxd5 cxd5 11. e4 Nc6 12. exd5 Nxd5 13. Nxd5 exd5 14. Nf3 Nb4 15.
Re3 Rc8 16. Rc3 Bf6 17. h4 h6 18. Be3 Re8 19. a3 Rxc3 20. bxc3 Nc6 21. Nh2 Bc4
22. Ng4 b5 23. Rb1 a4 24. Bf1 Bxf1 25. Kxf1 Na7 26. Qf3 Re6 27. Bc1 Rc6 28. Kg2
h5 29. Nxf6+ Rxf6 30. Qxh5 Qd7 31. Bf4 Re6 32. Qf5 Nc8 33. Qd3 Rb6 34. f3 Ne7
35. g4 Ng6 36. Bg3 Nf8 37. h5 Qc6 38. Kh3 Ne6 39. f4 Nf8 40. g5 Qd7+ 41. Kh4 g6
42. f5 gxh5 43. Kxh5 f6 44. Kg4 fxg5 45. Rh1 Nh7 46. Be5 Qf7 47. Qe3 Rc6 48. Rb1
Rh6 49. Rg1 Rh4+ 50. Kg3 Qxf5 51. Kg2 Nf6 52. Rf1 Rg4+ 53. Bg3 Qe4+ 54. Qf3 Nh5
55. Qxe4 dxe4 56. Rf5 Rxg3+ 57. Kh2 Rxc3 58. Rxg5+ Ng7 59. Rxb5 Rxa3 60. Re5 Re3
61. Kg2 a3 62. Kf2 Rf3+ 63. Kg2 Rb3 64. Kf2 Kf7 65. d5 a2 0-1

[Event "Reykjavik Open 2024"]
[Site "Reykjavik ISL"]
[Date "2024.03.15"]
[Round "1.36"]
[White "Salimova, Nurgyul"]
[Black "Alic, Miran"]
[Result "1-0"]
[WhiteTitle "IM"]
[WhiteElo "2426"]
[BlackElo "2033"]
[WhiteFideId "2915138"]
[BlackFideId "24605425"]
[EventDate "2024.03.15"]

1. Nf3 d5 2. d4 e6 3. c3 Bd6 4. Qc2 Nc6 5. Nbd2 f5 6. g3 Nf6 7. Bg2 O-O 8. O-O
Bd7 9. c4 b6 10. b3 Ne4 11. Bb2 Rf6 12. a3 Rh6 13. b4 Qe8 14. Ne5 Bxe5 15. dxe5
Qh5 16. Nf3 Rf8 17. cxd5 exd5 18. e6 Ng5 19. Nh4 Nxe6 20. Bxd5 Nd8 21. Qxc7 Rf7
22. Qc3 f4 23. Rad1 Ba4 24. Bf3 Qg5 25. Rd5 Qf6 26. Qxf6 gxf6 27. Nf5 Rg6 28.
Bh5 Kf8 29. Bxg6 hxg6 30. Nd4 Rh7 31. Rc1 Ke7 32. Rc8 Bd7 33. Rc4 b5 34. Rc1 Ng5
35. Rc7 Ke8 36. Bc1 fxg3 37. hxg3 Ne4 38. Nxb5 Ne6 39. Rxa7 N6g5 40. Nd6+ Nxd6
41. Rxd6 Nh3+ 42. Kg2 1-0

[Event "Reykjavik Open 2024"]
[Site "Reykjavik ISL"]
[Date "2024.03.15"]
[Round "1.37"]
[White "Gortemaker, Lucas"]
[Black "Fantinel, Thibault"]
[Result "1/2-1/2"]
[BlackTitle "IM"]
[WhiteElo "2032"]
[BlackElo "2421"]
[WhiteFideId "1013394"]
[BlackFideId "663395"]
[EventDate "2024.03.15"]

1. e4 c5 2. Nf3 Nc6 3. Bb5 e6 4. O-O Nge7 5. Re1 Nd4 6. Nxd4 cxd4 7. d3 a6 8.
Ba4 b5 9. Bb3 Nc6 10. f4 Be7 11. Nd2 O-O 12. a4 Bb7 13. axb5 axb5 14. Rxa8 Qxa8
15. Qh5 Qa5 16. Nf3 g6 17. Qh6 f5 18. Bd2 Qd8 19. c3 Bc5 20. Kh1 Qf6 21. Ng5 Rf7
22. Nxf7 Qxf7 23. Qh3 Qf6 24. exf5 gxf5 25. Bd1 dxc3 26. bxc3 b4 27. d4 bxc3 28.
Bxc3 Bxd4 29. Bxd4 Nxd4 30. Qh5 Qg6 31. Qxg6+ hxg6 32. Ba4 d6 33. Rb1 Be4 34.
Rb8+ Kf7 35. Bd1 e5 36. Rb6 Ke6 37. fxe5 Kxe5 38. Kg1 f4 39. Kf2 d5 40. Bf3 g5
41. Rb8 Bxf3 42. gxf3 Ne6 43. Re8 Kf5 44. Re7 Kf6 45. Rd7 Ke5 46. Ra7 Kf5 47.
Ra5 Ke5 48. Rb5 Nd4 49. Rb6 Kf5 50. Rd6 Ke5 51. Rg6 Kf5 52. Rg8 Ne6 53. Kg2 Nd4
54. Rh8 Kf6 55. Kf2 Kf5 56. Rh3 Kf6 57. Ke1 Nf5 58. Rh8 Nd4 59. Kf2 Nf5 60. Rh7
Ke5 61. Rh8 Kf6 62. Rd8 Ke5 63. Rd7 Nd4 64. Kg2 Nf5 65. Rd8 Ke6 66. Rh8 Ke5 67.
Kf2 Kf6 68. Ke2 Nd4+ 69. Kf2 Nf5 70. Ke2 Nd4+ 71. Kf2 Nf5 1/2-1/2

[Event "Reykjavik Open 2024"]
[Site "Reykjavik ISL"]
[Date "2024.03.15"]
[Round "1.38"]
[White "Karsten, Jan"]
[Black "Botez, Alexandra"]
[Result "0-1"]
[WhiteTitle "IM"]
[BlackTitle "WFM"]
[WhiteElo "2323"]
[BlackElo "1986"]
[WhiteFideId "14350653"]
[BlackFideId "2603365"]
[EventDate "2024.03.15"]

1. e4 e6 2. d4 d5 3. Nc3 Nf6 4. Bg5 Bb4 5. e5 h6 6. Bd2 Bxc3 7. bxc3 Ne4 8. Bc1
c5 9. Ne2 Nc6 10. f3 Ng5 11. h4 Nh7 12. Ba3 Qc7 13. f4 b6 14. Qd3 Na5 15. Qg3 g6
16. dxc5 bxc5 17. Qe3 Nb7 18. c4 d4 19. Qf3 Bd7 20. Ng3 Bc6 21. Qd3 O-O-O 22.
Be2 Bxg2 23. Kf2 Bc6 24. Bf3 f5 25. Rab1 g5 26. hxg5 Bxf3 27. Qxf3 hxg5 28. Rh6
gxf4 29. Nxf5 Ng5 30. Qxb7+ Qxb7 31. Nd6+ Kc7 32. Rxb7+ Kc6 33. Rxh8 Rxh8 34.
Rxa7 Rh2+ 35. Kf1 f3 36. Ra6+ Kd7 37. Ra7+ Kc6 38. Nb5 Ne4 39. Rc7+ Kb6 40.
Bxc5+ Nxc5 41. Rf7 Ne4 42. Kg1 Rg2+ 43. Kf1 Rxc2 44. Rxf3 Nd2+ 45. Ke2 Nxf3+ 46.
Kxf3 Rxc4 47. Nd6 Ra4 48. Ke4 Kc5 49. a3 d3+ 50. Kxd3 Rxa3+ 51. Ke4 Ra4+ 0-1

[Event "Reykjavik Open 2024"]
[Site "Reykjavik ISL"]
[Date "2024.03.15"]
[Round "1.39"]
[White "Wollkind, Steven"]
[Black "Botez, Andrea"]
[Result "0-1"]
[WhiteElo "1607"]
[BlackElo "1825"]
[WhiteFideId "39917070"]
[BlackFideId "2614324"]
[EventDate "2024.03.15"]

1. e4 c5 2. Nc3 g6 3. f4 Bg7 4. Nf3 Nc6 5. Bb5 Nd4 6. d3 a6 7. Bc4 b5 8. Bd5 Rb8
9. O-O e6 10. Bb3 Ne7 11. Qe1 a5 12. a4 c4 13. dxc4 bxc4 14. Bxc4 Nxc2 15. Qg3
Qb6+ 16. Kh1 Nxa1 17. Nb5 O-O 18. Qh4 d5 19. Bd3 dxe4 20. Bxe4 Nf5 21. Qe1 Nb3
22. g4 Nxc1 23. Qxc1 Ne3 24. Rg1 Nxg4 25. Rxg4 f5 26. Bxf5 exf5 27. Rh4 Bb7 28.
Qc4+ Kh8 29. Rh3 Qf2 0-1

[Event "Reykjavik Open 2024"]
[Site "Reykjavik ISL"]
[Date "2024.03.15"]
[Round "1.40"]
[White "Saine, Zachary"]
[Black "Lu, Miaoyi"]
[Result "0-1"]
[BlackTitle "WGM"]
[WhiteElo "2010"]
[BlackElo "2392"]
[WhiteFideId "2624346"]
[BlackFideId "8618020"]
[EventDate "2024.03.15"]

1. e4 c5 2. Nf3 a6 3. d4 cxd4 4. Nxd4 Nf6 5. Nc3 e5 6. Nf3 Bb4 7. Bc4 Qc7 8. Qd3
b5 9. Bd5 Nxd5 10. exd5 O-O 11. a3 e4 0-1

[Event "Reykjavik Open 2024"]
[Site "Reykjavik ISL"]
[Date "2024.03.15"]
[Round "1.41"]
[White "Katz, Alexander"]
[Black "Kolka, David"]
[Result "1-0"]
[WhiteTitle "IM"]
[WhiteElo "2418"]
[BlackElo "2030"]
[WhiteFideId "2039796"]
[BlackFideId "2308010"]
[EventDate "2024.03.15"]

1. e4 e5 2. Nf3 Nc6 3. Bc4 Nf6 4. d3 Bc5 5. c3 d6 6. Bb3 a5 7. O-O O-O 8. h3 Ba7
9. Re1 Be6 10. Ba4 Ne7 11. d4 Ng6 12. Nbd2 c6 13. Nf1 Qc8 14. Ng3 h6 15. Be3 Bb8
16. Qd2 Kh7 17. Bc2 Bc7 18. b3 Ng8 19. c4 N8e7 20. Rad1 f5 21. dxe5 dxe5 22.
exf5 Nxf5 23. Ne4 Nxe3 24. Rxe3 Bf5 25. g4 Bxg4 26. hxg4 Qxg4+ 27. Ng3 Rxf3 28.
Bxg6+ Kxg6 29. Qd3+ e4 30. Rxe4 Rxg3+ 31. fxg3 Qf5 32. Rg4+ 1-0

[Event "Reykjavik Open 2024"]
[Site "Reykjavik ISL"]
[Date "2024.03.15"]
[Round "1.42"]
[White "Pollitt, Henry"]
[Black "Prado, Alexandra"]
[Result "1/2-1/2"]
[BlackTitle "WCM"]
[WhiteElo "1674"]
[BlackElo "1877"]
[WhiteFideId "2644916"]
[BlackFideId "3301346"]
[EventDate "2024.03.15"]

1. e4 c5 2. c3 Nf6 3. e5 Nd5 4. Nf3 d6 5. exd6 e6 6. d4 cxd4 7. cxd4 Bxd6 8. Bd3
h6 9. Nc3 Nxc3 10. bxc3 Nd7 11. O-O O-O 12. Be3 b6 13. c4 Bb7 14. Nd2 Qh4 15. g3
Qh3 16. Be4 Bxe4 17. Nxe4 Be7 18. f4 Qf5 19. Nf2 Nf6 20. Qd3 Qh5 21. Qd1 Qa5 22.
Qe2 Rac8 23. Rac1 Rfd8 24. Rfd1 Qf5 25. Kg2 h5 26. Qd3 Qa5 27. Rc2 Qa4 28. Qb3
Qc6+ 29. Kg1 Qf3 30. Bc1 Qc6 31. Be3 h4 32. Bc1 b5 33. c5 Ne4 34. Nxe4 Qxe4 35.
Rcd2 h3 36. Qd3 Qc6 37. Qe3 Bf6 38. Bb2 Qd5 39. Ba1 Qh5 40. Kf2 Rd5 41. Qe2 Qh6
42. Qxb5 g5 43. Qb7 Rdd8 44. Qf3 gxf4 45. gxf4 Rd5 46. Bc3 Rf5 47. Rg1+ Kh8 48.
Rg4 Rg8 49. Rxg8+ Kxg8 50. Qg3+ Kh7 51. Kg1 Rxf4 52. Rf2 Rxf2 53. Qxf2 Qg6+ 54.
Kf1 Qd3+ 55. Kg1 Qd1+ 56. Qf1 Qg4+ 57. Kh1 Qe4+ 58. Kg1 Bxd4+ 59. Bxd4 Qxd4+ 60.
Qf2 Qd1+ 61. Qf1 Qg4+ 62. Kf2 Qf5+ 63. Ke2 Qc2+ 64. Ke1 Qb1+ 65. Kf2 Qc2+ 66.
Kg3 Qc3+ 67. Qf3 Qxc5 68. Qxf7+ Kh8 69. Qxe6 Qa3+ 70. Kh4 Kg7 71. Qe5+ Kf7 72.
Qf5+ Ke7 73. Qe5+ Kf7 74. Qf5+ Ke7 75. Qe5+ Kf7 76. Qf5+ 1/2-1/2

[Event "Reykjavik Open 2024"]
[Site "Reykjavik ISL"]
[Date "2024.03.15"]
[Round "1.43"]
[White "Honey, Luke Anthony"]
[Black "Belenkaya, Dina"]
[Result "1/2-1/2"]
[BlackTitle "WGM"]
[WhiteElo "1939"]
[BlackElo "2164"]
[WhiteFideId "343403425"]
[BlackFideId "24142654"]
[EventDate "2024.03.15"]

1. e4 c6 2. Nc3 d5 3. Nf3 Bg4 4. h3 Bxf3 5. Qxf3 e6 6. d4 Nf6 7. Bd3 Be7 8. Be3
Na6 9. a3 Nc7 10. O-O a6 11. Rfe1 Nb5 12. e5 Nd7 13. Nxb5 axb5 14. Qg4 g6 15. c3
h5 16. Qd1 Nb6 17. Qc2 Ra7 18. f4 Qa8 19. Rf1 Nc4 20. Bf2 Qd8 21. a4 Qa8 22. b3
Nb6 23. Bxg6 bxa4 24. Bd3 axb3 25. Rxa7 bxc2 26. Rxa8+ Nxa8 27. Bxc2 Nc7 28. Bd3
h4 29. Ra1 Kd7 30. Ra7 b5 31. Kf1 Rg8 32. Be2 Rb8 33. Bg4 b4 34. cxb4 Rxb4 35.
f5 Rb1+ 36. Ke2 Rb2+ 37. Kf3 c5 38. fxe6+ fxe6 39. Bxe6+ Kc6 40. Rxc7+ Kxc7 41.
Bxd5 cxd4 42. Bxd4 Rd2 43. Ke4 Rxg2 44. Be6 Kd8 45. Kd5 Rd2 46. Ke4 Rg2 47. Kd5
Bg5 48. Bb6+ Ke8 49. Bc5 Rd2+ 50. Ke4 Re2+ 51. Kd5 Bf4 52. Bd6 Rd2+ 53. Ke4 Bg3
54. Bg4 Ra2 55. Kf5 Ra4 56. Be2 Kd8 57. Ke6 Ra7 58. Bg4 Rg7 59. Bf5 Ke8 60. Kf6
Ra7 61. Bc5 Rf7+ 62. Ke6 Rg7 63. Bd6 Bf4 64. Kf6 Rg1 65. Bg6+ Kd7 66. Bf5+ Kc6
67. Be4+ Kb6 68. Kf5 Bh2 69. Be7 Rf1+ 70. Ke6 Rf4 71. Kd5 Bg3 72. Bc5+ Kc7 73.
Bd6+ Kd8 74. Bg6 Ra4 75. Bc5 Ra5 76. e6 Rxc5+ 77. Kxc5 1/2-1/2

[Event "Reykjavik Open 2024"]
[Site "Reykjavik ISL"]
[Date "2024.03.15"]
[Round "1.44"]
[White "Arnalds, Stefan"]
[Black "Roberts, Tallulah"]
[Result "1-0"]
[BlackTitle "WCM"]
[WhiteElo "1876"]
[BlackElo "1671"]
[WhiteFideId "2304821"]
[BlackFideId "15600572"]
[EventDate "2024.03.15"]

1. d4 d5 2. g3 Nf6 3. Nf3 c5 4. Bg2 Nc6 5. O-O cxd4 6. Nxd4 e6 7. c4 Be7 8. Nc3
O-O 9. cxd5 exd5 10. e3 Be6 11. b3 Qd7 12. Nxe6 fxe6 13. Bb2 Rad8 14. Ne2 Ne8
15. Qd2 Bf6 16. Rad1 Bxb2 17. Qxb2 Nf6 18. e4 Qc7 19. exd5 exd5 20. Nf4 Qf7 21.
Rfe1 Rd6 22. b4 Rfd8 23. b5 Ne7 24. Re2 Nc8 25. Rde1 d4 26. Bh3 Kh8 27. Ne6 Re8
28. Nxd4 Rxe2 29. Rxe2 Nb6 30. Bg2 Nc4 31. Qc3 Rd7 32. Nc2 Nd6 33. Qe5 Rd8 34.
Ne3 b6 35. h3 Nc4 36. Nxc4 Qxc4 37. Kh2 1-0

[Event "Reykjavik Open 2024"]
[Site "Reykjavik ISL"]
[Date "2024.03.15"]
[Round "1.45"]
[White "Kazarian, Anna-Maja"]
[Black "Thorsteinsdottir, Hallgerdur"]
[Result "1-0"]
[WhiteTitle "FM"]
[BlackTitle "WFM"]
[WhiteElo "2206"]
[BlackElo "1953"]
[WhiteFideId "1033689"]
[BlackFideId "2302454"]
[EventDate "2024.03.15"]

1. e4 c6 2. d4 d5 3. f3 dxe4 4. fxe4 e5 5. Nf3 Bg4 6. c3 Nd7 7. Bc4 b5 8. Bb3
Ngf6 9. O-O Bd6 10. Qe1 O-O 11. Qh4 Qb6 12. Be3 Bh5 13. Nbd2 Bg6 14. Rae1 Qc7
15. Bg5 h6 16. Bxh6 gxh6 17. Qxh6 Bh7 18. Ng5 Be7 19. Rxf6 Nxf6 20. Rf1 1-0

[Event "Reykjavik Open 2024"]
[Site "Reykjavik ISL"]
[Date "2024.03.15"]
[Round "1.46"]
[White "Van Veenendaal, Elmer"]
[Black "Garifullina, Leya"]
[Result "0-1"]
[BlackTitle "IM"]
[WhiteElo "2027"]
[BlackElo "2413"]
[WhiteFideId "1026801"]
[BlackFideId "34127035"]
[EventDate "2024.03.15"]

1. Nc3 d5 2. e4 d4 3. Nce2 Nc6 4. Nf3 e5 5. Ng3 Be6 6. Bb5 f6 7. d3 Qd7 8. Ba4
O-O-O 9. Bb3 Nge7 10. h3 h5 11. Nh4 g6 12. Bd2 Kb8 13. Qe2 Rg8 14. Nf3 Nc8 15.
Nh4 Be7 16. Nf3 Rh8 17. Nh4 Rdg8 18. Nf3 h4 19. Nf1 Nd8 20. N1h2 Nd6 21. c3 N6f7
22. cxd4 exd4 23. Bxe6 Nxe6 24. O-O Bd6 25. Ng4 Qd8 26. e5 fxe5 27. Nfxe5 Nxe5
28. Nxe5 Bxe5 29. Qxe5 Re8 30. Rfe1 Rhf8 31. Qb5 a6 32. Qc4 Qf6 33. Re2 Nf4 34.
Rxe8+ Rxe8 35. Bxf4 Qxf4 36. b4 g5 37. a4 g4 38. hxg4 Qxg4 39. Rc1 c6 40. f3 Qg5
41. Qc5 Qe3+ 42. Kh2 Qf4+ 43. Kg1 h3 44. Rb1 hxg2 45. Qh5 Qe3+ 46. Kh2 Rg8 47.
Rg1 Qf4+ 0-1

[Event "Reykjavik Open 2024"]
[Site "Reykjavik ISL"]
[Date "2024.03.15"]
[Round "1.47"]
[White "Jin, Yueheng"]
[Black "Franco, Gaston"]
[Result "1-0"]
[WhiteElo "2404"]
[BlackElo "2021"]
[WhiteFideId "8616868"]
[BlackFideId "117722"]
[EventDate "2024.03.15"]

1. d4 Nf6 2. c4 e6 3. g3 d5 4. Bg2 Be7 5. Nf3 O-O 6. O-O dxc4 7. Qc2 b6 8. Bg5
Nd5 9. Bxe7 Qxe7 10. Rc1 Bb7 11. Qxc4 c5 12. dxc5 Rc8 13. Nc3 Nxc3 14. Rxc3 Rxc5
15. Qh4 Qxh4 16. Nxh4 Bxg2 17. Rxc5 bxc5 18. Nxg2 Kf8 19. Ne3 Nd7 20. Rc1 Ke7
21. Nc4 Nb6 22. Na5 Rc8 23. b3 c4 24. Nxc4 Nxc4 25. bxc4 Kd6 26. Rc3 Kc5 27. Ra3
Rc7 28. Ra4 Rd7 29. Kg2 Kb6 30. Kf3 Kc5 31. Ke3 Kb6 32. h4 a5 33. Ra3 h5 34. Rd3
Ra7 35. Rb3+ Kc5 36. Kd3 g6 37. Rb5+ Kc6 38. a4 Rd7+ 39. Ke3 Ra7 40. Ke4 Kd6 41.
Kd4 Kc6 42. Ke5 Rd7 43. Kf6 Rd2 44. Kxf7 Rxe2 45. Kxg6 Rxf2 46. Kxh5 Rc2 47.
Rxa5 Rxc4 48. g4 Kd6 49. g5 Ke7 50. Ra7+ Kf8 51. g6 e5 52. Kg5 e4 53. h5 e3 54.
h6 Rc5+ 55. Kf4 1-0

[Event "Reykjavik Open 2024"]
[Site "Reykjavik ISL"]
[Date "2024.03.15"]
[Round "1.48"]
[White "Erlbeck, Peter"]
[Black "Thorfinnsson, Bragi"]
[Result "0-1"]
[BlackTitle "GM"]
[WhiteElo "2014"]
[BlackElo "2397"]
[WhiteFideId "4642910"]
[BlackFideId "2300958"]
[EventDate "2024.03.15"]

1. e4 c5 2. Nc3 e6 3. f4 a6 4. Nf3 d5 5. d3 Nc6 6. g4 b5 7. e5 Be7 8. Bg2 Nh6 9.
h3 Bh4+ 10. Nxh4 Qxh4+ 11. Kf1 O-O 12. Bd2 Qe7 13. Kg1 c4 14. Kh2 Bb7 15. Qe1
Nb4 16. Qg3 Nxc2 17. Raf1 f5 18. exf6 gxf6 19. dxc4 bxc4 20. Ne2 Nf7 21. Qc3 d4
22. Qxc2 Bxg2 23. Kxg2 Qb7+ 24. Kh2 d3 25. Qxc4 dxe2 26. Qxe2 Qxb2 27. Rb1 Qxa2
28. Ra1 Qd5 29. Ra5 Qd6 30. Be3 Rfd8 31. Re1 e5 32. fxe5 fxe5 33. Qf2 Rac8 34.
Re2 Qg6 35. Rea2 Rc6 36. Qe2 Rdd6 37. h4 Qe6 38. Bc5 Rd5 39. Be3 Rxa5 40. Rxa5
Rc4 41. Kg3 Rc3 42. Rc5 Rxc5 43. Bxc5 Qb3+ 44. Qf3 Qxf3+ 45. Kxf3 Kg7 46. g5 Kg6
47. Kg4 h5+ 48. gxh6 Nxh6+ 49. Kf3 Kf5 50. Bb6 Ng4 51. Bd8 Nf6 52. Ke3 Nd7 53.
Kd3 e4+ 54. Ke3 Ne5 55. Bc7 a5 56. Bd8 a4 57. h5 a3 0-1

[Event "Reykjavik Open 2024"]
[Site "Reykjavik ISL"]
[Date "2024.03.15"]
[Round "1.49"]
[White "Tania, Sachdev"]
[Black "Bertola, Georges"]
[Result "1-0"]
[WhiteTitle "IM"]
[WhiteElo "2393"]
[BlackElo "2010"]
[WhiteFideId "5007844"]
[BlackFideId "1307967"]
[EventDate "2024.03.15"]

1. d4 Nf6 2. c4 g6 3. Nc3 d5 4. cxd5 Nxd5 5. Bd2 Bg7 6. e4 Nb6 7. Be3 O-O 8. Qd2
Nc6 9. O-O-O e5 10. d5 Nd4 11. f4 c5 12. fxe5 Bg4 13. Re1 Bxe5 14. h3 Bd7 15.
Nf3 Nxf3 16. gxf3 Rc8 17. f4 Bd4 18. Kb1 Qh4 19. Bd3 f5 20. e5 Bxc3 21. bxc3 c4
22. Bc2 Qe7 23. d6 1-0